000 00782nam a2200217Ia 4500
001 15206
003 GE_BSU
008 181216s||||||||xx |||||||||||||| ||und||
040 _cGE_BSU
080 _a821.353.1-7
100 _aშველიძე,ნიკო
245 _aვის ჰყავს ასეთი მეზობელი?!
245 _bიუმორისტული მოთხრობები
245 _cრედ:შ.კაპანაძე;მხატვ:მ.აბაშიძე
260 _aთბილისი.
260 _bსაბჭოთა საქართველო
260 _c1986
300 _a152გვ;ილ;16სმ.
653 _aიუმორისტული მოთხრობები
942 _cBK
999 _c48318
_d48318